000 01167nam0a22003259 4500
001 RU\NLR\b_ik\47215
005 20250616224348.0
010 _a3-16-146537-7
035 _a(NLR Aleph) 002121789
090 _a2011674
_c2011674
100 _a19950127d1996 |||y0rusy50 ca
101 0 _arus
102 _aRU
105 _ay |||||||||
200 1 _aSozialpolitik im Transformationsprozeβ Mittel- und Osteuropas
_fRalph P. Heinrich, Michael J. Koop et al
_gAut.:Alfred Boss et al
210 _aTübingen
_cMohr
_d1996
215 _aXI, 262 c.
_d24
225 1 _aKieler Studien
_x0340-6989
_v273
320 _aБиблиогр.: с. 242-262
541 0 _aСоциальная политика в переходном периоде в Средней и Восточной Европе.
606 0 _aСоциальная политика
_xЕвропейские государства
_2nlr-sh1
686 0 _aФ3(4)42
_2rubbk
701 1 _aHeinrich
_bRalph
_4070
801 0 _aRU
_bNLR
_c19950127
_gPSBO
801 1 _aRU
_bNLR
_c20011023
852 _aNLR
_jP22/1015
942 _cBOOK
980 _aNB